00993nam a22002537a 450000500170000001000130001702000220003003500130005203700160006504000120008108200130009310000310010624501180013726000460025527000440030130000240034550000190036965000770038865000460046570000300051194200220054199900190056395201570058220170124110057.0 aA-353322 c00.00a0712619917 aA-353322 bCen Lib/Ret aDPLbEN a921bSCI aScindia, Vijayaraje926653 aPrincess :cby Vijayaraje Scindia [and] Manohar Malgonkarbthe autobiography of the Dowager Maharani of Gwalior / bTime Books InternationalaNew Delhic1985 aK-27, Kailash ColonybNew Delhie110048 avi,279p. c20cm(Hb) aIncludes index aGwalior (Princely State) -- Princess and princesses -- Biography.926654 a Politicians -- India -- Biography926655 aMalgonkar, Manohar926656 2ddccENh921mSCI c129537d129537 04104070aLbLd2015-07-06eCen Lib/Retg0.00l0o921 SCIpA-353322r2015-07-06 00:00:00t1v0.00w2015-07-06yENzW/d List No. 8130/13; dtd 18.2.2017